| 000 | 00580nam a22001937a 4500 | ||
|---|---|---|---|
| 003 | OSt | ||
| 005 | 20140310182124.0 | ||
| 008 | 130828t xxu||||| |||| 00| 0 eng d | ||
| 020 | _a1410825760 | ||
| 050 |
_aGB 5010 _b.H637 2005 |
||
| 082 |
_aHS 904 _bH52 2005 |
||
| 100 |
_aHigginson, Sheila Sweeny _914238 |
||
| 245 |
_aDisaster of technology / _cSheila Sweeny Higginson. |
||
| 260 |
_aNew York : _bBenchmark Education Company, _cc2005. |
||
| 300 |
_a32 p. : _bill. ; _c24 cm. |
||
| 650 |
_aDisaster _x--Juvenile literature. _914239 |
||
| 942 |
_2lcc _cHS |
||
| 999 |
_c9592 _d9592 |
||